| 000 | 00860cam a2200229 4500 | ||
|---|---|---|---|
| 001 | ABS65613 | ||
| 008 | 020704n2002 000 0 eng u | ||
| 035 | _a(Sirsi) u118698 | ||
| 100 | _aGaleon, C. | ||
| 245 | _aPathfinder: roadmap to PFI social housing | ||
| 260 | _c2002 | ||
| 490 |
_aPFI Intelligence Bulletin _v7(4) June 2002, 18-22(3) |
||
| 520 | _aIntroducing PFI into social housing was developed in 1998 as an alternative to direct investment by local authorities. However to date, no housing revenue account PFI project has been signed. The article explores the factors why this has not happened. | ||
| 590 | _aABS | ||
| 650 | _aPFI | ||
| 650 | _aSOCIAL HOUSING | ||
| 650 | _aLOCAL AUTHORITIES | ||
| 650 | _aLANDLORD AND TENANT ACT 1985 | ||
| 650 | _aRSLS | ||
| 690 | _aMANAGEMENT-BUSINESS MANAGEMENT-FINANCIAL MANAGEMENT | ||
| 942 | _n0 | ||
| 999 |
_c70684 _d70684 |
||